Svetový klimatický sumit v Kodani a prístup Slovenska ku klimatickým otázkam

Svetový klimatický summit v Kodani, ktorý sa konal v decembri 2009. Sklamanie z výsledkov summitu. Dohoda podpísaná 27 krajinami zo zúčastnených 192. Obmedzenie emisií kysličníka uhličitého, zabránenie otepľovaniu plantéty o viac ako 2 stupne Celzia. Negatívny postoj mimovládnej organizácie Greenpea...

ver descrição completa

Na minha lista:
Detalhes bibliográficos
Autor principal: Mojžišová, Lucia
Formato: Capítulo de Livro
Idioma:eslovaco
Assuntos:
Tags: Adicionar Tag
Sem tags, seja o primeiro a adicionar uma tag!

MARC

LEADER 00000nla$a2200000$$$4500
001 0117407
005 20240502072319.4
041 0 |a slo 
044 |a SK 
245 1 0 |a Svetový klimatický sumit v Kodani a prístup Slovenska ku klimatickým otázkam  |c Lucia Mojžišová 
520 |a Svetový klimatický summit v Kodani, ktorý sa konal v decembri 2009. Sklamanie z výsledkov summitu. Dohoda podpísaná 27 krajinami zo zúčastnených 192. Obmedzenie emisií kysličníka uhličitého, zabránenie otepľovaniu plantéty o viac ako 2 stupne Celzia. Negatívny postoj mimovládnej organizácie Greenpeace k výsledkom v Kodani. Slovensko a boj s klimatickými zmenami. Slovensko a predaj emisných povolení. Slovensko a predaj emisných povolení v rámci Európskeho systému obchodovania s emisnými povoleniami /EU ETS/. 
610 2 0 |a zmeny klimatické 
610 2 0 |a ochrana prostredia životného 
610 2 0 |a emisie 
610 2 0 |a summity 
610 2 0 |a dohody medzinárodné 
610 2 0 |a spolupráca medzinárodná 
610 2 0 |a svet 
610 2 0 |a Slovensko 
100 1 |a Mojžišová, Lucia